War, war, war (Record no. 1960)

MARC details
000 -LEADER
fixed length control field 01000cjm a22003373a 4500
001 - CONTROL NUMBER
control field 1960
003 - CONTROL NUMBER IDENTIFIER
control field OSt
005 - DATE AND TIME OF LATEST TRANSACTION
control field 20260414162852.0
007 - PHYSICAL DESCRIPTION FIXED FIELD--GENERAL INFORMATION
fixed length control field sd fsngnnzmneu
008 - FIXED-LENGTH DATA ELEMENTS--GENERAL INFORMATION
fixed length control field 070905s2000 xx ppn| | eng
010 ## - LIBRARY OF CONGRESS CONTROL NUMBER
LC control number 2007656577
017 ## - COPYRIGHT OR LEGAL DEPOSIT NUMBER
Copyright or legal deposit number SR0000352269
Assigning agency U.S. Copyright Office
035 ## - SYSTEM CONTROL NUMBER
System control number 14994313
040 ## - CATALOGING SOURCE
Original cataloging agency DLC
Transcribing agency DLC
050 00 - LIBRARY OF CONGRESS CALL NUMBER
Classification number ICD 31905
245 00 - TITLE STATEMENT
Title War, war, war
Medium [sound recording].
260 ## - PUBLICATION, DISTRIBUTION, ETC.
Date of publication, distribution, etc. [2000]
300 ## - PHYSICAL DESCRIPTION
Extent 1 sound disc :
Other physical details digital ;
Dimensions 4 3/4 in.
336 ## - CONTENT TYPE
Content type term performed music
Content type code prm
Source rdacontent
337 ## - MEDIA TYPE
Media type term audio
Media type code s
Source rdamedia
338 ## - CARRIER TYPE
Carrier type term audio disc
Carrier type code sd
Source rdacarrier
500 ## - GENERAL NOTE
General note Contact: Dan Kirkpatrick.
500 ## - GENERAL NOTE
General note Copyright claimant: North Star Media, Studio City, Calif.
500 ## - GENERAL NOTE
General note Recordable compact disc.
500 ## - GENERAL NOTE
General note Brief record.
650 #0 - SUBJECT ADDED ENTRY--TOPICAL TERM
Topical term or geographic name entry element Reggae music.
906 ## - LOCAL DATA ELEMENT F, LDF (RLIN)
a 7
b cbc
c orignew
d 3
e ncip
f 20
g y-soundrec
942 ## - ADDED ENTRY ELEMENTS (KOHA)
Source of classification or shelving scheme Dewey Decimal Classification
Koha item type Music
Suppress in OPAC No

No items available.